Política exterior para una nueva era
Guardat en:
| Autor principal: | |
|---|---|
| Format: | Llibre |
| Idioma: | espanyol |
| Publicat: |
Buenos Aires
Troquel
1979
|
| Matèries: | |
| Etiquetes: |
Afegir etiqueta
Sense etiquetes, Sigues el primer a etiquetar aquest registre!
|
MARC
| LEADER | 00000nam a2200000 a 4500 | ||
|---|---|---|---|
| 001 | UCN3841 | ||
| 003 | CL-VaPUC | ||
| 008 | 010713e19790000AG |||||||||||||||||spa|d | ||
| 082 | 0 | 4 | |a 327.73 |b WES |2 21 |
| 100 | 0 | |a Wesson, Robert G |e author |9 460415 | |
| 245 | 1 | 0 | |a Política exterior para una nueva era |
| 300 | |a 448 p | ||
| 942 | |c BK | ||
| 945 | |d 20010713 00:00:00 |a rbrito | ||
| 260 | |a Buenos Aires |b Troquel |c 1979 | ||
| 650 | 0 | |a Relaciones Exteriores |9 255379 | |
| 650 | 0 | |a Relaciones Internacionales |9 255740 | |
| 650 | 0 | |a Política exterior |9 316628 | |
| 651 | 0 | |a Estados Unidos |9 255178 | |
| 583 | |a last modification |c 20010713 00:00:00 |k Rodrigo Vera | ||
| 999 | |c 296513 |d 296511 | ||
| 952 | |0 0 |1 0 |4 0 |6 327_730000000000000_WES_1979 |7 0 |8 A |9 350316 |a BIBGIM |b BIBGIM |d 2019-11-20 |i 3613879 |o 327.73 WES 1979 |p 3613879 |r 2025-01-15 |w 2019-11-20 |y BK |k ORI | ||